[Event "Balkan Youth Online-ch 2020"]
[Site "Online"]
[Date "2020.10.31"]
[Round "2.1"]
[White "Domurcak, Doruk"]
[Black "Kisic, Jovan"]
[Result "0-1"]
[WhiteElo "1244"]
[BlackElo "2099"]
[Annotator "TA"]
[PlyCount "154"]
[EventDate "2020.10.31"]
[EventType "swiss"]
[SourceTitle "playchess.com"]
[Source "ChessBase"]
[SourceQuality "1"]

{[%evp 16,153,8,9,52,28,33,15,35,29,51,32,60,59,74,28,38,32,122,52,126,97,126,86,89,79,106,74,122,122,182,143,140,120,121,116,104,-26,-27,-195,-197,-194,-192,-233,-219,-244,-245,-361,-373,-369,-333,-319,-327,-477,-456,-582,-578,-606,-597,-624,-627,-680,-658,-820,-800,-800,-796,-796,-783,-995,-1046,-2002,-1999,-1964,-1103,-1105,-1101,-1104,-1097,-1083,-1081,-1067,-1062,-1185,-1161,-1286,-1302,-1322,-1308,-1473,-1461,-1626,-1583,-1510,-1446,-1389,-1345,-29992,-29993,-29993,-29981,-29981,-29982,-29982,-29983,-29984,-29985,-29985,-29986,-29986,-29987,-29987,-29987,-29987,-29988,-29988,-29989,-29989,-29990,-29990,-29990,-29990,-29991,-29991,-29992,-29993,-29994,-29994,-29995,-29995,-29996,-29996,-29997,-29997,-29997,-29998,-29998,-29998,-29999,-29999]} 1. e4 c6 2. d4 d5 3. Nd2 dxe4 4. Nxe4 Bf5 5. Ng3 Bg6 6. N1e2 Nf6 7. h4 h6 8. Nf4 Bh7 9. Bc4 Nd5 {B18: Classical Caro-Kann: 4...Bf5 sidelines.} 10. c3 e6 11. Qf3 Be7 {The position is equal.} 12. Ngh5 Rg8 13. Qg4 {[#]} g6 $146 ({Predecessor:} 13... Bf5 14. Qf3 Nd7 15. Nxd5 cxd5 16. Bxd5 exd5 17. Qxf5 g6 18. Qg4 f5 19. Qg3 Kf7 {1-0 (50) De Wiljes,J (2308)-Wetscherek,A (2293) playchess.com INT 2007}) 14. Ng3 Nd7 {[%cal Bb8d7,Bd7f6,Bf6d5,Bd5f4,Bf4g2][%mdl 32]} 15. Bd2 N7f6 16. Qe2 $36 {[%mdl 2048] White has good play.} Qb6 (16... g5 $14 17. hxg5 hxg5) 17. Bb3 (17. Nxd5 $16 exd5 18. Bb3) 17... h5 (17... g5 $14 18. hxg5 hxg5 19. Nxd5 cxd5) 18. O-O-O O-O-O 19. Rde1 Nxf4 20. Bxf4 Nd5 21. Bd2 Qc7 22. Qf3 Bd6 (22... Rgf8 $16 23. Ne4 Bg8) 23. Ne4 $18 {aiming for Ng5.} Bf4 24. Bxf4 Qxf4+ 25. Qxf4 Nxf4 26. Bc2 ({Better is} 26. Re3 $16) 26... Nxg2 $11 27. Ng5 $2 {Now White is beyond hope.} (27. Ref1 $11 {and White is okay.}) 27... Nxe1 $19 28. Rxe1 Rg7 29. Re3 Bg8 30. Rf3 Kd7 31. Rf6 (31. Rg3 $142) 31... Ke7 32. Ne4 Rd5 33. Rf3 Rf5 34. Re3 (34. Rh3 {was worth a try.}) 34... Rf4 35. f3 Rxh4 36. Nc5 b6 37. Ne4 g5 38. Re2 g4 39. Rg2 Rh1+ 40. Kd2 f5 41. Nf2 Rh4 42. f4 g3 {[%mdl 64] Discovered Attack} 43. Nd3 Rh2 44. Ne1 Rxg2+ 45. Nxg2 {[%mdl 4096] Endgame [#] KRB-KBN} h4 $1 {[%mdl 64] Promotion} 46. Nxh4 g2 47. Nxg2 Rxg2+ 48. Kd3 Rf2 49. Bb3 Rxf4 50. Ke3 Rh4 51. Kf3 f4 52. a4 Bh7 53. Bd1 Bf5 54. Bb3 Bg4+ 55. Kxf4 Bd1+ 56. Kg5 Rg4+ {Black mates.} 57. Kh5 Rg1+ 58. Bxd1 Rxd1 {KR-KP} 59. Kg4 Ra1 60. b3 Ra3 61. b4 Rxc3 62. b5 cxb5 63. axb5 {[#] KR-KPP} Rc4 $1 64. Kf4 Rxd4+ {KR-KP} 65. Ke5 Rd5+ 66. Ke4 Rxb5 {KR-K} 67. Kd4 e5+ 68. Ke4 a5 69. Ke3 a4 70. Kd2 a3 71. Ke3 a2 72. Kf3 a1=Q 73. Kg4 Qd4+ 74. Kf5 e4+ 75. Kg6 Qf6+ 76. Kh7 Rh5+ 77. Kg8 Rh8# {Av CentiPawn Loss W=-81/B=-31. Weighted=-63/-33} 0-1

[Event "Balkan Youth Online-ch 2020"]
[Site "Online"]
[Date "2020.10.31"]
[Round "2.2"]
[White "Sava, Robert-Gabriel"]
[Black "Petrovski, Nikola"]
[Result "1-0"]
[WhiteElo "1716"]
[BlackElo "1031"]
[Annotator "NA RC"]
[PlyCount "63"]
[EventDate "2020.10.31"]
[EventType "swiss"]
[SourceTitle "playchess.com"]
[Source "ChessBase"]
[SourceQuality "1"]
[TimeControl "5400+30"]

1. e4 {[%emt 1:05:20]} c5 {[%emt 1:05:26]} 2. Nf3 {[%emt 0:00:27]} Nc6 {[%emt 0:00:27]} 3. Bb5 {[%emt 0:00:24]} Nd4 {[%emt 0:00:29]} 4. Nxd4 {[%emt 0:00:25]} cxd4 {[%emt 0:00:24]} 5. O-O {[%emt 0:00:24]} Nf6 {[%emt 0:00:35]} 6. d3 {[%emt 0:00:23]} e5 {[%emt 0:00:29]} 7. f4 {[%emt 0:00:29]} Bd6 {[%emt 0:00:28]} 8. Nd2 {[%emt 0:01:16]} O-O {[%emt 0:00:39]} 9. Nc4 {[%emt 0:00:23]} Bb8 {[%emt 0:00:33]} 10. Nxe5 {[%emt 0:01:16]} d6 {[%emt 0:00:54]} 11. Nf3 {[%emt 0:00:31]} Bg4 {[%emt 0:00:53]} 12. h3 {[%emt 0:00:30]} Bxf3 {[%emt 0:00:43]} 13. Qxf3 {[%emt 0:00:24]} Qa5 {[%emt 0:00:26]} 14. Bc4 {[%emt 0:00:29]} Bc7 {[%emt 0:00:40]} 15. Qf2 {[%emt 0:00:42]} Qb6 {[%emt 0:01:51]} 16. Bb3 {[%emt 0:00:45]} Rac8 {[%emt 0:05:18]} 17. Bd2 {[%emt 0:00:40]} Rfe8 {[%emt 0:01:10]} 18. g4 {[%emt 0:00:59]} h6 {[%emt 0:00:41]} 19. g5 {[%emt 0:00:40]} Nd7 {[%emt 0:00:44]} 20. g6 {[%emt 0:00:28]} Rf8 {[%emt 0:00:36]} 21. gxf7+ {[%emt 0:00:25]} Kh7 {[%emt 0:00:30]} 22. Kh1 {[%emt 0:00:46]} d5 {[%emt 0:00:40]} 23. Bxd5 {[%emt 0:01:00]} Nf6 {[%emt 0:00:37]} 24. Bb3 {[%emt 0:00:23]} Nh5 {[%emt 0:00:31]} 25. Qf3 {[%emt 0:00:48]} Qg6 {[%emt 0:01:10]} 26. Rg1 {[%emt 0:00:32]} Qc6 {[%emt 0:00:58]} 27. Qxh5 {[%emt 0:00:30]} a5 {[%emt 0:00:29]} 28. Bd5 {[%emt 0:00:30]} Qd6 {[%emt 0:00:27]} 29. Rg2 {[%emt 0:01:04]} Qf6 {[%emt 0:00:33]} 30. e5 {[%emt 0:00:34]} Qe7 {[%emt 0:00:26]} 31. Qg6+ {[%emt 0:00:24]} Kh8 {[%emt 0:00:31]} 32. Qxg7# {[%emt 0:00:24]} 1-0

[Event "Balkan Youth Online-ch 2020"]
[Site "Online"]
[Date "2020.10.31"]
[Round "2.3"]
[White "Alimema, Alvin"]
[Black "Sevig, Mert Can"]
[Result "0-1"]
[WhiteElo "1110"]
[BlackElo "1472"]
[Annotator "NA RC"]
[PlyCount "70"]
[EventDate "2020.10.31"]
[EventType "swiss"]
[SourceTitle "playchess.com"]
[Source "ChessBase"]
[SourceQuality "1"]
[TimeControl "5400+30"]

1. e4 {[%emt 1:05:20]} c5 {[%emt 1:05:23]} 2. f4 {[%emt 0:00:23]} d6 {[%emt 0:00:25]} 3. Nf3 {[%emt 0:00:24]} Nc6 {[%emt 0:00:23]} 4. Bb5 {[%emt 0:00:25]} Bd7 {[%emt 0:00:22]} 5. Bxc6 {[%emt 0:00:22]} Bxc6 {[%emt 0:00:22]} 6. Nc3 {[%emt 0:00:23]} e6 {[%emt 0:00:27]} 7. d3 {[%emt 0:00:31]} Ne7 {[%emt 0:00:30]} 8. Bd2 {[%emt 0:00:55]} g6 {[%emt 0:00:25]} 9. O-O {[%emt 0:00:27]} Bg7 {[%emt 0:00:25]} 10. Qe1 {[%emt 0:00:24]} Qb6 {[%emt 0:05:04]} 11. Nd1 {[%emt 0:01:20]} d5 {[%emt 0:04:16]} 12. Bc3 {[%emt 0:01:37]} c4+ {[%emt 0:02:05]} 13. Kh1 {[%emt 0:00:46]} d4 {[%emt 0:05:21]} 14. Ba5 {[%emt 0:01:58]} Qa6 {[%emt 0:02:37]} 15. dxc4 {[%emt 0:02:17]} Qxc4 {[%emt 0:02:07]} 16. c3 {[%emt 0:06:55]} Bxe4 {[%emt 0:03:50]} 17. Nd2 {[%emt 0:05:31]} Bxg2+ {[%emt 0:01:06]} 18. Kxg2 {[%emt 0:00:42]} Qd5+ {[%emt 0:00:22]} 19. Ne4 {[%emt 0:01:20]} Qxa5 {[%emt 0:01:11]} 20. Nd6+ {[%emt 0:01:28]} Kf8 {[%emt 0:00:24]} 21. Ne4 {[%emt 0:00:50]} Nf5 {[%emt 0:01:20]} 22. cxd4 {[%emt 0:02:37]} Qxe1 {[%emt 0:00:29]} 23. Rxe1 {[%emt 0:00:22]} Bxd4 {[%emt 0:00:21]} 24. Kf3 {[%emt 0:01:00]} Rc8 {[%emt 0:00:38]} 25. Ndc3 {[%emt 0:01:17]} Bxc3 {[%emt 0:00:40]} 26. bxc3 {[%emt 0:00:25]} Ke7 {[%emt 0:00:27]} 27. Rad1 {[%emt 0:00:31]} Rhd8 {[%emt 0:00:33]} 28. h3 {[%emt 0:01:01]} b5 {[%emt 0:01:24]} 29. a3 {[%emt 0:01:42]} Nd6 {[%emt 0:00:56]} 30. Nxd6 {[%emt 0:01:14]} Rxc3+ {[%emt 0:00:25]} 31. Re3 {[%emt 0:00:28]} Rxe3+ {[%emt 0:00:27]} 32. Kxe3 {[%emt 0:00:24]} Rxd6 {[%emt 0:00:22]} 33. Rc1 {[%emt 0:00:21]} Ra6 {[%emt 0:00:29]} 34. Rc5 {[%emt 0:00:31]} Rxa3+ {[%emt 0:00:22]} 35. Kd4 {[%emt 0:00:24]} b4 {[%emt 0:00:28]} 0-1

[Event "Balkan Youth Online-ch 2020"]
[Site "Online"]
[Date "2020.10.31"]
[Round "2.7"]
[White "Palaiologou, Apostolos"]
[Black "Smirnov, Maksim"]
[Result "1-0"]
[WhiteElo "1410"]
[BlackElo "1139"]
[Annotator "NA RC"]
[PlyCount "93"]
[EventDate "2020.10.31"]
[EventType "swiss"]
[SourceTitle "playchess.com"]
[Source "ChessBase"]
[SourceQuality "1"]
[TimeControl "5400+30"]

1. e4 {[%emt 1:05:20]} c6 {[%emt 1:05:23]} 2. d4 {[%emt 0:00:28]} d5 {[%emt 0:00:26]} 3. exd5 {[%emt 0:00:32]} cxd5 {[%emt 0:00:33]} 4. c4 {[%emt 0:00:25]} Nf6 {[%emt 0:00:30]} 5. Nc3 {[%emt 0:00:51]} Nc6 {[%emt 0:00:40]} 6. Nf3 {[%emt 0:01:01]} Bg4 {[%emt 0:00:31]} 7. Be3 {[%emt 0:00:54]} e6 {[%emt 0:00:24]} 8. a3 {[%emt 0:01:10]} Be7 {[%emt 0:00:24]} 9. Be2 {[%emt 0:00:51]} O-O {[%emt 0:01:17]} 10. h3 {[%emt 0:00:48]} Bh5 {[%emt 0:00:25]} 11. Ne5 {[%emt 0:02:00]} Bxe2 {[%emt 0:00:49]} 12. Qxe2 {[%emt 0:01:06]} Nd7 {[%emt 0:00:59]} 13. cxd5 {[%emt 0:01:34]} exd5 {[%emt 0:00:31]} 14. Nd3 {[%emt 0:01:32]} Nf6 {[%emt 0:00:30]} 15. O-O {[%emt 0:01:00]} Re8 {[%emt 0:00:24]} 16. Qf3 {[%emt 0:01:11]} Bd6 {[%emt 0:00:31]} 17. Kh1 {[%emt 0:01:27]} Ne4 {[%emt 0:00:31]} 18. Nxd5 {[%emt 0:01:09]} Bb8 {[%emt 0:00:26]} 19. Nc3 {[%emt 0:00:58]} Nxd4 {[%emt 0:00:24]} 20. Bxd4 {[%emt 0:01:26]} Qxd4 {[%emt 0:00:26]} 21. Rfe1 {[%emt 0:00:59]} Nf6 {[%emt 0:00:38]} 22. Rxe8+ {[%emt 0:00:55]} Nxe8 {[%emt 0:00:23]} 23. Qxb7 {[%emt 0:01:08]} Qd6 {[%emt 0:00:24]} 24. g3 {[%emt 0:01:08]} Qxd3 {[%emt 0:00:44]} 25. Qxa8 {[%emt 0:00:40]} Qd6 {[%emt 0:00:26]} 26. Rd1 {[%emt 0:00:54]} Qc7 {[%emt 0:00:24]} 27. Qd5 {[%emt 0:00:53]} h6 {[%emt 0:01:21]} 28. Qd8 {[%emt 0:01:19]} Qc6+ {[%emt 0:00:33]} 29. Kg1 {[%emt 0:01:16]} Bd6 {[%emt 0:00:29]} 30. Rxd6 {[%emt 0:01:51]} Qxd6 {[%emt 0:00:36]} 31. Qxe8+ {[%emt 0:00:26]} Kh7 {[%emt 0:00:23]} 32. Qe4+ {[%emt 0:00:32]} Kg8 {[%emt 0:00:26]} 33. Qa8+ {[%emt 0:00:37]} Kh7 {[%emt 0:00:24]} 34. Qxa7 {[%emt 0:01:12]} Qd2 {[%emt 0:00:26]} 35. Qxf7 {[%emt 0:01:39]} Qxb2 {[%emt 0:00:28]} 36. Qf5+ {[%emt 0:01:07]} Kg8 {[%emt 0:00:25]} 37. Qc8+ {[%emt 0:00:55]} Kh7 {[%emt 0:00:23]} 38. a4 {[%emt 0:01:07]} Qc1+ {[%emt 0:00:32]} 39. Kg2 {[%emt 0:00:23]} Qg5 {[%emt 0:00:41]} 40. Qc4 {[%emt 0:00:45]} Qd8 {[%emt 0:00:59]} 41. Qe4+ {[%emt 0:00:52]} Kh8 {[%emt 0:00:35]} 42. Ne2 {[%emt 0:00:45]} Qb6 {[%emt 0:00:37]} 43. Nf4 {[%emt 0:00:41]} Qa6 {[%emt 0:00:36]} 44. Nd5 {[%emt 0:00:39]} Qd6 {[%emt 0:00:48]} 45. Ne7 {[%emt 0:00:30]} Qd7 {[%emt 0:00:37]} 46. Qa8+ {[%emt 0:00:26]} Kh7 {[%emt 0:00:28]} 47. Qg8# {[%emt 0:00:23]} 1-0

[Event "Balkan Youth Online-ch 2020"]
[Site "Online"]
[Date "2020.10.31"]
[Round "2.9"]
[White "Ivanov, Andrey A."]
[Black "Kuznetsov, Andrei S."]
[Result "1-0"]
[WhiteElo "2180"]
[BlackElo "2220"]
[Annotator "TA"]
[PlyCount "101"]
[EventDate "2020.10.31"]
[EventType "swiss"]
[SourceTitle "playchess.com"]
[Source "ChessBase"]
[SourceQuality "1"]

{[%evp 10,101,0,-3,16,0,-2,-10,18,0,14,18,23,12,14,-2,0,-4,14,6,17,16,11,0,0,0,0,0,0,0,2,3,18,9,10,10,16,12,20,0,0,0,15,15,28,24,43,0,0,0,0,0,83,0,0,0,0,0,82,82,209,213,371,0,1108,1078,5106,2189,29968,29970,29965,29970,29970,29972,29972,29973,29981,29982,29982,29983,29981,29982,29983,29980,29980,29981,29984,29985,29986,29987,29989,29990,29990,29991]} 1. c4 e5 2. Nc3 Nf6 3. Nf3 Nc6 4. d3 Bc5 5. g3 O-O 6. Bg2 d6 {A25: English Opening vs King's Indian with ...Nc6 but without early d3.} 7. Bd2 Re8 8. O-O {[#]} Rb8 $146 {The position is equal.} ({Predecessor:} 8... a6 9. a3 Bd7 10. b4 Ba7 11. Ng5 h6 12. Nge4 Nxe4 13. Nxe4 Qc8 14. Nc3 Ne7 15. Qc2 c6 {0-1 (53) Larre,L (1485)-Johansen,K (1907) Oslo 2018}) 9. a3 a6 10. b4 Bb6 11. Qc2 h6 12. Bc1 Nd4 13. Nxd4 Bxd4 14. Bb2 Bf5 15. e3 Ba7 16. Nd5 c6 17. Nxf6+ Qxf6 18. Rad1 Rbd8 19. Rfe1 Bg4 20. Rd2 Bf3 21. Bxf3 Qxf3 22. Qd1 Qxd1 23. Rdxd1 f6 24. d4 exd4 25. Bxd4 Bxd4 26. Rxd4 $11 {[%mdl 4096] Endgame KRR-KRR} Kf7 27. Red1 Ke7 28. c5 dxc5 29. bxc5 Rxd4 30. Rxd4 {KR-KR} Rd8 (30... Kf7 $11 {remains equal.}) 31. Kf1 (31. Rxd8 $1 $16 Kxd8 32. Kf1) 31... Rxd4 32. exd4 {KP-KP} Ke6 {aiming for ...Kd5.} 33. Ke2 Kd5 (33... f5 $11) 34. Kd3 $16 {Black is on the road to losing.} g6 (34... f5 $16) 35. f3 $18 f5 $2 (35... h5 36. f4 g5) 36. h3 $2 (36. f4 $18 a5 37. a4) 36... g5 $2 {[%mdl 8192] [#]} (36... a5 $11) 37. f4 $1 gxf4 38. gxf4 h5 39. h4 {White mates.} Ke6 40. Kc4 a5 41. a4 Kd7 42. d5 cxd5+ 43. Kxd5 Kc7 44. Ke5 Kc6 45. Kxf5 Kxc5 {K3P-K3P} 46. Kg5 b5 {[#]} 47. f5 $1 bxa4 48. f6 a3 49. f7 a2 50. f8=Q+ Kc4 {[#]} 51. Qa3 $1 {Av CentiPawn Loss W=-37/B=-82. Weighted=-39/-92} 1-0

[Event "Balkan Youth Online-ch 2020"]
[Site "Online"]
[Date "2020.10.31"]
[Round "2.12"]
[White "Markosek, Bine"]
[Black "Mogirzan, Matei-Valeriu"]
[Result "0-1"]
[WhiteElo "1287"]
[BlackElo "1813"]
[Annotator "NA RC"]
[PlyCount "54"]
[EventDate "2020.10.31"]
[EventType "swiss"]
[SourceTitle "playchess.com"]
[Source "ChessBase"]
[SourceQuality "1"]
[TimeControl "5400+30"]

1. e4 {[%emt 1:05:20]} e5 {[%emt 1:05:30]} 2. Nf3 {[%emt 0:00:24]} Nc6 {[%emt 0:00:22]} 3. Bc4 {[%emt 0:00:31]} Nf6 {[%emt 0:00:27]} 4. d3 {[%emt 0:00:25]} Bc5 {[%emt 0:00:34]} 5. O-O {[%emt 0:00:26]} O-O {[%emt 0:00:25]} 6. c3 {[%emt 0:00:24]} d6 {[%emt 0:00:24]} 7. h3 {[%emt 0:00:25]} Be6 {[%emt 0:00:28]} 8. Bxe6 {[%emt 0:00:27]} fxe6 {[%emt 0:00:25]} 9. Be3 {[%emt 0:00:48]} Bxe3 {[%emt 0:00:32]} 10. fxe3 {[%emt 0:00:22]} d5 {[%emt 0:01:24]} 11. Nbd2 {[%emt 0:00:56]} h6 {[%emt 0:01:32]} 12. Qe2 {[%emt 0:01:32]} Qe7 {[%emt 0:01:20]} 13. exd5 {[%emt 0:01:03]} exd5 {[%emt 0:00:34]} 14. e4 {[%emt 0:00:42]} Nh5 {[%emt 0:00:40]} 15. Qe3 {[%emt 0:00:47]} Rad8 {[%emt 0:01:28]} 16. Rfe1 {[%emt 0:00:54]} d4 {[%emt 0:00:44]} 17. cxd4 {[%emt 0:00:29]} exd4 {[%emt 0:01:32]} 18. Qe2 {[%emt 0:00:32]} Nf4 {[%emt 0:00:31]} 19. Qd1 {[%emt 0:00:28]} Kh7 {[%emt 0:01:16]} 20. Nc4 {[%emt 0:01:15]} b5 {[%emt 0:00:59]} 21. Na3 {[%emt 0:00:42]} a6 {[%emt 0:00:46]} 22. Nc2 {[%emt 0:00:40]} Ne5 {[%emt 0:00:35]} 23. Nxe5 {[%emt 0:01:25]} Qxe5 {[%emt 0:00:23]} 24. Nb4 {[%emt 0:00:35]} Rd6 {[%emt 0:00:40]} 25. Qb3 {[%emt 0:01:42]} Nxh3+ {[%emt 0:00:29]} 26. Kh1 {[%emt 0:00:51]} Nf2+ {[%emt 0:00:22]} 27. Kg1 {[%emt 0:00:23]} Ng4 {[%emt 0:00:22]} 0-1

[Event "Balkan Youth Online-ch 2020"]
[Site "Online"]
[Date "2020.10.31"]
[Round "2.13"]
[White "Magold, Filip"]
[Black "Ramaj, Ergit"]
[Result "1-0"]
[WhiteElo "2043"]
[BlackElo "1444"]
[Annotator "RC"]
[PlyCount "115"]
[EventDate "2020.10.31"]
[EventType "swiss"]
[SourceTitle "playchess.com"]
[Source "ChessBase"]
[SourceQuality "1"]
[TimeControl "5400+30"]

1. e4 {[%emt 1:05:20]} Nf6 {[%emt 1:05:24]} 2. e5 {[%emt 0:00:22]} Nd5 {[%emt 0:00:22]} 3. c4 {[%emt 0:00:22]} Nb6 {[%emt 0:00:22]} 4. d4 {[%emt 0:00:21]} d6 {[%emt 0:00:21]} 5. exd6 {[%emt 0:00:23]} cxd6 {[%emt 0:00:21]} 6. h3 {[%emt 0:00:22]} g6 {[%emt 0:00:29]} 7. Nf3 {[%emt 0:00:22]} Bg7 {[%emt 0:00:22]} 8. Nc3 {[%emt 0:00:23]} O-O {[%emt 0:00:47]} 9. Be3 {[%emt 0:00:26]} e5 {[%emt 0:00:53]} 10. dxe5 {[%emt 0:00:26]} dxe5 {[%emt 0:00:25]} 11. Qxd8 {[%emt 0:00:23]} Rxd8 {[%emt 0:00:22]} 12. c5 {[%emt 0:00:21]} N6d7 {[%emt 0:01:45]} 13. Bc4 {[%emt 0:00:25]} h6 {[%emt 0:04:18]} 14. O-O {[%emt 0:00:38]} Nc6 {[%emt 0:03:52]} 15. Rad1 {[%emt 0:00:27]} Nf8 {[%emt 0:01:29]} 16. Rxd8 {[%emt 0:04:41]} Nxd8 {[%emt 0:00:24]} 17. Rd1 {[%emt 0:00:22]} Be6 {[%emt 0:00:30]} 18. Nd5 {[%emt 0:00:25]} Bxd5 {[%emt 0:02:45]} 19. Bxd5 {[%emt 0:00:27]} a5 {[%emt 0:02:21]} 20. Nd2 {[%emt 0:01:05]} Nfe6 {[%emt 0:01:10]} 21. Nc4 {[%emt 0:00:32]} Rc8 {[%emt 0:04:00]} 22. Nxa5 {[%emt 0:01:40]} Nxc5 {[%emt 0:00:48]} 23. Rc1 {[%emt 0:00:41]} b6 {[%emt 0:00:29]} 24. b4 {[%emt 0:00:22]} bxa5 {[%emt 0:01:02]} 25. Rxc5 {[%emt 0:00:23]} Rxc5 {[%emt 0:04:26]} 26. bxc5 {[%emt 0:00:23]} Bf8 {[%emt 0:00:40]} 27. c6 {[%emt 0:00:22]} Nxc6 {[%emt 0:00:28]} 28. Bxc6 {[%emt 0:00:22]} f5 {[%emt 0:00:32]} 29. Bd2 {[%emt 0:00:22]} Bb4 {[%emt 0:00:55]} 30. Bxh6 {[%emt 0:00:22]} Kf7 {[%emt 0:00:25]} 31. Be3 {[%emt 0:00:28]} f4 {[%emt 0:00:24]} 32. Bb6 {[%emt 0:00:23]} Ke6 {[%emt 0:00:21]} 33. Bc7 {[%emt 0:00:22]} g5 {[%emt 0:00:31]} 34. Kf1 {[%emt 0:00:23]} Kf5 {[%emt 0:00:26]} 35. Ke2 {[%emt 0:00:22]} e4 {[%emt 0:00:25]} 36. Bd7+ {[%emt 0:00:31]} Kf6 {[%emt 0:00:32]} 37. h4 {[%emt 0:00:22]} f3+ {[%emt 0:00:38]} 38. gxf3 {[%emt 0:00:23]} exf3+ {[%emt 0:00:21]} 39. Kxf3 {[%emt 0:00:21]} gxh4 {[%emt 0:00:21]} 40. Kg4 {[%emt 0:00:21]} Bc5 {[%emt 0:00:29]} 41. Bxa5 {[%emt 0:00:29]} Bxf2 {[%emt 0:00:23]} 42. Bd8+ {[%emt 0:00:21]} Ke5 {[%emt 0:00:32]} 43. Bxh4 {[%emt 0:00:21]} Kd6 {[%emt 0:00:57]} 44. Bf5 {[%emt 0:00:29]} Bb6 {[%emt 0:01:10]} 45. Kf4 {[%emt 0:00:23]} Kd5 {[%emt 0:00:30]} 46. Be4+ {[%emt 0:00:31]} Kc4 {[%emt 0:00:26]} 47. Be7 {[%emt 0:00:28]} Kb5 {[%emt 0:00:31]} 48. Ke5 {[%emt 0:00:24]} Ka6 {[%emt 0:00:32]} 49. Bc6 {[%emt 0:00:23]} Ka5 {[%emt 0:00:30]} 50. Kd5 {[%emt 0:00:24]} Ba7 {[%emt 0:00:31]} 51. a4 {[%emt 0:00:47]} Bg1 {[%emt 0:00:33]} 52. Bc5 {[%emt 0:00:32]} Bh2 {[%emt 0:00:31]} 53. Bb5 {[%emt 0:00:28]} Bb8 {[%emt 0:00:48]} 54. Kc6 {[%emt 0:00:26]} Bc7 {[%emt 0:00:23]} 55. Bb4+ {[%emt 0:00:25]} Kxb4 {[%emt 0:00:25]} 56. Kxc7 {[%emt 0:00:21]} Ka5 {[%emt 0:00:21]} 57. Kb7 {[%emt 0:00:21]} Kb4 {[%emt 0:00:23]} 58. Kb6 {[%emt 0:00:21]} 1-0

[Event "Balkan Youth Online-ch 2020"]
[Site "Online"]
[Date "2020.10.31"]
[Round "2.14"]
[White "Tsarsitalidis, Christos"]
[Black "Poupalos, Nikolaos"]
[Result "1-0"]
[WhiteElo "1786"]
[BlackElo "1887"]
[Annotator "NA RC"]
[PlyCount "75"]
[EventDate "2020.10.31"]
[EventType "swiss"]
[SourceTitle "playchess.com"]
[Source "ChessBase"]
[SourceQuality "1"]
[TimeControl "5400+30"]

1. e4 {[%emt 1:05:20]} c5 {[%emt 1:05:24]} 2. Nf3 {[%emt 0:00:22]} d6 {[%emt 0:00:23]} 3. c3 {[%emt 0:00:22]} Nc6 {[%emt 0:05:02]} 4. Be2 {[%emt 0:00:39]} Nf6 {[%emt 0:00:35]} 5. d4 {[%emt 0:00:25]} cxd4 {[%emt 0:05:57]} 6. cxd4 {[%emt 0:00:23]} e6 {[%emt 0:00:44]} 7. Nc3 {[%emt 0:00:27]} Be7 {[%emt 0:00:23]} 8. O-O {[%emt 0:00:23]} O-O {[%emt 0:00:27]} 9. h3 {[%emt 0:00:23]} d5 {[%emt 0:01:00]} 10. e5 {[%emt 0:00:47]} Ne4 {[%emt 0:00:25]} 11. Bd3 {[%emt 0:00:59]} Nxc3 {[%emt 0:01:25]} 12. bxc3 {[%emt 0:00:23]} Qc7 {[%emt 0:01:18]} 13. Nh2 {[%emt 0:00:52]} Re8 {[%emt 0:02:02]} 14. f4 {[%emt 0:01:26]} Na5 {[%emt 0:01:00]} 15. Qf3 {[%emt 0:04:46]} Bd7 {[%emt 0:02:28]} 16. g4 {[%emt 0:00:52]} Rac8 {[%emt 0:01:17]} 17. Bd2 {[%emt 0:02:03]} Nc4 {[%emt 0:00:37]} 18. Be1 {[%emt 0:00:24]} Nb2 {[%emt 0:01:12]} 19. Bc2 {[%emt 0:00:25]} Bb5 {[%emt 0:00:46]} 20. Rf2 {[%emt 0:00:24]} Bh4 {[%emt 0:02:10]} 21. Bxh7+ {[%emt 0:01:29]} Kxh7 {[%emt 0:00:23]} 22. Rxb2 {[%emt 0:00:22]} Bxe1 {[%emt 0:00:21]} 23. Rxe1 {[%emt 0:00:23]} a6 {[%emt 0:00:36]} 24. Rc2 {[%emt 0:00:53]} Qc4 {[%emt 0:01:08]} 25. Re3 {[%emt 0:01:57]} Qa4 {[%emt 0:01:15]} 26. Rf2 {[%emt 0:00:33]} Rc7 {[%emt 0:01:29]} 27. f5 {[%emt 0:00:55]} Rec8 {[%emt 0:00:42]} 28. g5 {[%emt 0:07:22]} exf5 {[%emt 0:02:34]} 29. Qxf5+ {[%emt 0:00:27]} g6 {[%emt 0:00:30]} 30. Qf4 {[%emt 0:01:04]} Qd1+ {[%emt 0:00:59]} 31. Kg2 {[%emt 0:00:23]} Be8 {[%emt 0:00:32]} 32. Ng4 {[%emt 0:00:43]} Rxc3 {[%emt 0:00:45]} 33. Rxc3 {[%emt 0:00:52]} Rxc3 {[%emt 0:00:26]} 34. Nf6+ {[%emt 0:00:21]} Kh8 {[%emt 0:00:22]} 35. Qh4+ {[%emt 0:00:27]} Kg7 {[%emt 0:00:30]} 36. Qh7+ {[%emt 0:00:23]} Kf8 {[%emt 0:00:22]} 37. Qg8+ {[%emt 0:00:23]} Ke7 {[%emt 0:00:22]} 38. Qxe8# {[%emt 0:00:22]} 1-0

[Event "Balkan Youth Online-ch 2020"]
[Site "Online"]
[Date "2020.10.31"]
[Round "2.15"]
[White "Papaioannou, Dimitrios"]
[Black "Pehlivan, Mert"]
[Result "1/2-1/2"]
[WhiteElo "1924"]
[BlackElo "1653"]
[Annotator "TA"]
[PlyCount "96"]
[EventDate "2020.10.31"]
[EventType "swiss"]
[SourceTitle "playchess.com"]
[Source "ChessBase"]
[SourceQuality "1"]

{[%evp 11,96,28,34,20,44,44,48,49,52,14,32,38,51,21,46,19,17,20,35,41,41,39,41,41,42,41,41,43,48,43,36,5,28,12,12,12,14,0,0,0,0,0,0,0,0,0,0,0,11,11,11,11,11,0,0,0,0,0,0,0,0,0,0,0,0,0,0,0,0,0,0,0,0,0,0,0,0,0,0,0,0,0,0,0,0,0,0]} 1. e4 c5 2. Nf3 e6 3. d4 cxd4 4. Nxd4 a6 5. c4 Nf6 6. Nc3 Bb4 7. Qd3 {B41: Sicilian: Kan Variation: 5 c4.} d6 8. Nc2 Bxc3+ 9. Qxc3 {White is slightly better.} O-O 10. Bd3 Nbd7 11. O-O Nc5 {[#]} 12. Re1 $146 ({Predecessor:} 12. f3 a5 13. Rd1 Qb6 14. Be3 e5 15. Bf1 Be6 16. Rd2 Rfd8 17. Rad1 Ne8 18. Na3 {1-0 (58) Zarubitski,V (2417)-Wang,Y (2220) Porto Carras 2018}) 12... e5 13. b4 Nxd3 14. Qxd3 Be6 15. Bg5 h6 16. Bxf6 Qxf6 17. Ne3 Rfd8 18. Rac1 Qg6 19. Red1 Rac8 20. f3 Qg5 21. Rc2 h5 22. Nd5 Bxd5 {The position is equal.} 23. cxd5 h4 (23... Rf8 {is more complex.} 24. h3 g6 25. Rb1 f5 26. exf5 gxf5 27. b5 Rxc2 28. Qxc2 Qe3+) 24. Qd2 Qxd2 25. Rdxd2 $11 {[%mdl 4096] Endgame KRR-KRR} g6 26. Kf2 f5 27. a4 Kf7 28. Ke3 Kf6 29. Kd3 f4 30. h3 g5 31. Re2 Ke7 32. Red2 Kd7 33. a5 Ke7 34. Re2 Kd7 35. Red2 Ke7 36. Rf2 Kd7 37. Rxc8 Rxc8 38. Rc2 Rxc2 39. Kxc2 {KP-KP} Kc7 40. b5 b6 ({Wrong is} 40... axb5 $2 41. Kc3 $18) 41. axb6+ Kxb6 42. bxa6 Kxa6 43. Kc3 Ka5 44. Kc4 Ka4 45. Kc3 $1 Ka3 46. Kc4 {[#] Kb5 is the strong threat.} Ka4 47. Kc3 $1 Ka5 48. Kc4 Ka4 {Av CentiPawn Loss W=-4/B=-3. Weighted=-3/-3} 1/2-1/2